000 01195nam a2200325 i 4500
001 14173
003 KOSZ 005
005 20221216110141.0
008 070608s1971 pl a f 001 0 pol
015 _aPB 1971/3672
035 _a(OCoLC)830922461
040 _aWA N
_cWA N
_dKOSZ 005/KK
080 _a621.311:621.22
100 1 _aJackowski, Kazimierz
_d(1927-2012)
_eAutor
245 1 0 _aElektrownie wodne :
_bturbozespoły i wyposażenie /
_cKazimierz Jackowski.
260 _aWarszawa :
_bWydawnictwa Naukowo-Techniczne,
_cdr. 1971.
300 _a404, [2] strony, [6] kart, tablice :
_bilustracje ;
_c23 cm.
336 _2rdacontent
_aTekst
_btxt
337 _2rdamedia
_aBez urządzenia pośredniczącego
_bn
338 _2rdacarrier
_aWolumin
_bnc
380 _aKsiążki.
504 _aBibliografia na stronach 392-395. Indeks.
650 4 _aElektrownie wodne
658 _aInżynieria i technika
658 _aArchitektura i budownictwo
650 4 _aTurbiny wodne
710 2 _aWydawnictwa Naukowo-Techniczne
_4pbl.
856 _uhttp://koha.tu.koszalin.pl/cgi-bin/koha/opac-detail.pl?biblionumber=14173
_yKatalog online BPK
942 _2UKD
_cKS
999 _c14173
_d14173